| 000 | 01182nam a2200229Ia 4500 | ||
|---|---|---|---|
| 001 | L261-28045 | ||
| 003 | IT-CnALBA | ||
| 008 | 170116s9999||||xx |||||||||||||| ||und|| | ||
| 040 |
_aIT-CnALBA _cIT-CnALBA |
||
| 041 | _aITALIANO | ||
| 100 | _aPAOLUCCI GABRIELLA | ||
| 245 | 0 | _aTEMPI POSTMODERNI. PER UNA SOCIOLOGIA DEL TEMPO NELLE SOCIETÀ INDUSTRIALI AVANZATE. | |
| 250 | _a1a ed. | ||
| 260 |
_aMILANO _bFRANCOANGELI SRL. _c1993 [1° Ed.:1993 - Ed.Ling.Originale: 1993] |
||
| 300 | _a152 p. | ||
| 500 | _aPRODUZIONE E RIPRODUZIONE SOCIALE. RICERCHE. TEMPO MODERNO. TEMPI POSTMODERNI. PUZZLE DEL TEMPO MODERNO. PRESENTE QUOTIDIANO E NARRAZIONE. FORME DEL TEMPO URBANO. TEMPI FEMMINILI E SOCIOLOGIA DEL TEMPO. PROGETTARE AL PRESENTE. | ||
| 501 | _aSocietà San Paolo EM - Piazza San Paolo, 14 - 12051 ALBA (CN) (non commercial uses only) ® Copyright 2017 | ||
| 520 | _aPRODUZIONE E RIPRODUZIONE SOCIALE. RICERCHE. TEMPO MODERNO. TEMPI POSTMODERNI. PUZZLE DEL TEMPO MODERNO. PRESENTE QUOTIDIANO E NARRAZIONE. FORME DEL TEMPO URBANO. TEMPI FEMMINILI E SOCIOLOGIA DEL TEMPO. PROGETTARE AL PRESENTE. | ||
| 650 | _aTEOLOGIA SOCIALE | ||
| 942 | _cBK | ||
| 957 | _71 | ||
| 999 |
_a32834 _bNO _g Copie: 1 _c287020 _d287020 |
||